| 000 | 00885nam a2200229 i 4500 | ||
|---|---|---|---|
| 001 | bg | ||
| 003 | BPK | ||
| 005 | 20130610082859.0 | ||
| 008 | s pl f |000 0 pol | ||
| 040 | _cBPK | ||
| 041 | 0 | _apol | |
| 080 | _a314(438)(083.1) | ||
| 245 | 0 | 0 |
_aRocznik Demograficzny 2005 = _bDemographic yearbook of Poland : [dokument elektroniczny] / _cGłówny Urząd Statystyczny. |
| 260 |
_aWarszawa : _bZakład Wydawnictw Statystycznych, _c2005. |
||
| 300 | _a1 dysk optyczny (CD ROM), format PDF, XLS. | ||
| 490 | 1 | _x1732-4920 | |
| 500 | _aMin. wymagania sprzętowe: Pentium 120, 16MB RAM, CD-ROM, monitor VGA 800x600, 256 color, Win9x. | ||
| 650 | 9 |
_aDemografia _zPolska _ystan na 2005 r. |
|
| 710 | 0 | _aGłówny Urząd Statystyczny | |
| 942 |
_cCD _2udc |
||
| 999 |
_c24055 _d24055 |
||
| 856 |
_uhttp://koha.tu.koszalin.pl/cgi-bin/koha/opac-detail.pl?biblionumber=24055 _yKatalog online BPK |
||